000 00486nam a2200181Ia 4500
008 221030s9999 xx 000 0 und d
020 _a8120309782
041 _aEnglish
082 _a105.23
_bGho
100 _aP. K. Ghosh
245 0 _a0000 To 8085 Introduction To Microprocessors For Engineers & Scientists
_cby P. K. Ghosh, P. R. Sridhar
250 _a2nd
260 _bPHI
_aNew Delhi
_c2005
300 _a318
650 _aBE Computer
700 _aP. R. Sridhar
942 _cBK
999 _c2861
_d2861